Added value: The key to prosperity (Record no. 32354)

MARC details
000 -LEADER
fixed length control field 00280nam a2200109Ia 4500
082 ## - DEWEY DECIMAL CLASSIFICATION NUMBER
Classification number 330.143.2
Item number WOO
100 ## - MAIN ENTRY--AUTHOR NAME
Personal name WOOD, E G
245 #0 - TITLE STATEMENT
Title Added value: The key to prosperity
260 ## - PUBLICATION, DISTRIBUTION, ETC. (IMPRINT)
Place of publication London
Name of publisher Business books
Year of publication 1978
942 ## - ADDED ENTRY ELEMENTS (KOHA)
Koha item type Books
Holdings
Withdrawn status Lost status Damaged status Not for loan Home library Current library Date acquired Full call number Accession Number Koha item type
        RRII Library RRII Library 16/12/2021 330.143.2 WOO 12873 Books